Perspektiva československého peněžního a kapitálového trhu. Interview.
Odpovede na otázky, kedy začne fungovať peňažný a kapitálový trh, ktoré sú základné predpoklady rozvoja peňažného trhu, či jestvujú možnosti urýchlenia rozvoja peňažného trhu, akú úlohu v rozvoji kapitálového trhu budú hrať banky. Záver, že čs. peňažný a kapitálový trh je len na počiatku svojho fung...
Gespeichert in:
| 1. Verfasser: | |
|---|---|
| Weitere Verfasser: | |
| Format: | Buchkapitel |
| Sprache: | Tschechisch |
| Schlagworte: | |
| Tags: |
Keine Tags, Fügen Sie das erste Tag hinzu!
|
MARC
| LEADER | 00000naa a2200000 4500 | ||
|---|---|---|---|
| 001 | r003929 | ||
| 005 | 20221125080939.4 | ||
| 041 | 0 | |a cze | |
| 044 | |a [CS] | ||
| 245 | 1 | 0 | |a Perspektiva československého peněžního a kapitálového trhu. |b Interview. |c M. Tuček, Jiří Fárek |
| 520 | |a Odpovede na otázky, kedy začne fungovať peňažný a kapitálový trh, ktoré sú základné predpoklady rozvoja peňažného trhu, či jestvujú možnosti urýchlenia rozvoja peňažného trhu, akú úlohu v rozvoji kapitálového trhu budú hrať banky. Záver, že čs. peňažný a kapitálový trh je len na počiatku svojho fungovania. | ||
| 610 | 2 | 0 | |a trh kapitálový |
| 610 | 2 | 0 | |a trh peňažný |
| 610 | 2 | 0 | |a banky |
| 610 | 2 | 0 | |a ČSFR |
| 100 | 1 | |a Tuček, M. | |
| 700 | 1 | |a Fárek, Jiří | |